000 02889cam a22003611i 4500
003 SA-RiAUC
005 20240910125653.0
008 240906s1941 ua g b 00100cara c
040 _aSA-RiAUC
_bara
_cSA-RiAUC
_erda
050 4 _b.M37 1941
082 0 4 _a239
_qSA-RiAUC
082 0 4 _a239
_bم ق ر
090 _a239
_bم ق ر
100 1 _aالمقريزي، أحمد بن علي بن عبد القادر،
_d766-845 هجري
_eمؤلف.
245 1 0 _aإمتاع الأسماع بما للرسول من الأبناء والأموال والحفدة والمتاع /
_cتأليف أحمد بن علي المقريزي ؛ تصحيح وشرح محمود محمد شاكر.
264 1 _aالقاهرة :
_bلجنة التأليف والترجمة والنشر،
_c1941
300 _a686 صفحة ؛
_c28 سم
336 _aنص
_btxt
_2rdacontent
_3كتاب
337 _aبدون وسيط
_bn
_2rdamedia
338 _aمجلد
_bnc
_2rdacarrier
500 _aكشافات : صفحة 554-638.
500 _aيشتمل على كشاف.
504 _aيشتمل على إرجاعات ببليوجرافية.
600 0 7 _aمحمد (صلى الله عليه وسلم)،
_d53 قبل الهجرة-11 هجري
_2aucnm
650 7 _aالسيرة النبوية
_2aucsh
650 7 _aأهل بيت الرسول
_2aucsh
650 7 _aأبناء النبي
_2aucsh
700 1 _aشاكر، محمود محمد،
_d1909-1997
_eمصحح.
856 _uhttp://dlib.nyu.edu/aco/book/nyu_aco001026/1?lang=ar
_yDigital Copy
_2 نرجو الانتباه لإمكانية وجود اختلاف في الطبعة أو الناشر بين البيانات على البوابة وما ستجده على الكتاب نظرا لمحدودية المعلومات المتاحة على الموقع الناشر للمادة.
_3Please note that there may be a difference in the edition or publisher between the data on the portal and the book due to the limited information available on the publisher website for the material.
856 _uhttp://dl-img.home.nyu.edu/adore-djatoka/resolver?url_ver=Z39.88-2004&svc_id=info%3Alanl-repo/svc/getRegion&svc_val_fmt=info%3Aofi/fmt%3Akev%3Amtx%3Ajpeg2000&svc.format=image/jpeg&rft_id=http%3A//dlib.nyu.edu/files/books/nyu_aco001026/nyu_aco001026_afr01_d.jp2&svc.scale=230
_yCoverImage
_2 نرجو الانتباه لإمكانية وجود اختلاف في الطبعة أو الناشر بين البيانات على البوابة وما ستجده على الكتاب نظرا لمحدودية المعلومات المتاحة على الموقع الناشر للمادة.
_3Please note that there may be a difference in the edition or publisher between the data on the portal and the book due to the limited information available on the publisher website for the material.
942 _2ddc
_cBOOK
_n0
949 _aSA-JeALM
_d240906
_umohamedma123
_n1
999 _c95
_d95